Reader´s digest condensed books. Volume 6

Guardat en:
Dades bibliogràfiques
Format: Llibre
Idioma:Undetermined
Publicat: New York, Estados Unidos The Reader´s Digest 1950
Matèries:
Etiquetes: Afegir etiqueta
Sense etiquetes, Sigues el primer a etiquetar aquest registre!

MARC

LEADER 00000nam a2200000Ia 4500
008 170316s9999 xx 000 0 und d
090 |a A-810 R-1r v.6 
245 |a Reader´s digest condensed books. Volume 6 
260 |a New York, Estados Unidos 
260 |b The Reader´s Digest 
260 |c 1950 
300 |a 524 páginas Vol. 6 
650 |a LITERATURA ESTADOUNIDENSE 
650 |a ANTOLOGÍA 
999 |c 27671  |d 27671 
040 |a cru BVZT 
942 |c 15 D  |h A-810 R-1r v.6  |2 z